000 00284nam a22001097a 4500
082 _a320/MAH
100 _aMahajan,Raj.k
_983274
245 _aPolitical Thought Of Swami Dayanand Sarawat & Swami Vivekanand
260 _aDelhi
_bCorvette Press
_c2022
650 _aPolitical
942 _cBK
999 _c68120
_d68120